| 000 | 01324nam a2200325Ia 4500 | ||
|---|---|---|---|
| 001 | ebr10308085 | ||
| 003 | CaPaEBR | ||
| 006 | m u | ||
| 007 | cr cn||||||||| | ||
| 008 | 081209s2009 enka sb 001 0 eng d | ||
| 010 | _z 2008052237 | ||
| 020 | _z9780470517062 (cloth) | ||
| 040 |
_aCaPaEBR _cCaPaEBR |
||
| 035 | _a(OCoLC)427566233 | ||
| 050 | 1 | 4 |
_aTA1634 _b.B78 2009eb |
| 100 | 1 |
_aBrunelli, Roberto, _d1961- |
|
| 245 | 1 | 0 |
_aTemplate matching techniques in computer vision _h[electronic resource] : _btheory and practice / _cRoberto Brunelli. |
| 260 |
_aChichester, West Sussex, U.K. ; _aHoboken, NJ : _bWiley, _c2009. |
||
| 300 |
_ax, 338 p. : _bill. |
||
| 504 | _aIncludes bibliographical references and index. | ||
| 533 |
_aElectronic reproduction. _bPalo Alto, Calif. : _cebrary, _d2009. _nAvailable via World Wide Web. _nAccess may be limited to ebrary affiliated libraries. |
||
| 650 | 0 | _aComputer vision. | |
| 650 | 0 | _aTemplate matching (Digital image processing) | |
| 650 | 0 |
_aImage processing _xDigital techniques. |
|
| 650 | 0 | _aOptical pattern recognition. | |
| 650 | 0 | _aImage analysis. | |
| 655 | 7 |
_aElectronic books. _2local |
|
| 710 | 2 | _aebrary, Inc. | |
| 856 | 4 | 0 |
_uhttp://site.ebrary.com/lib/rucke/Doc?id=10308085 _zAn electronic book accessible through the World Wide Web; click to view |
| 999 |
_c61498 _d61498 |
||